000 00318nam a2200133Ia 4500
008 231019s9999 xx 000 0 und d
082 _a658.0072
_bZIK-B
100 _aWilliam G. Zikmund
245 0 _aBusiness Research Methods
260 _aUSA
_bThomson
_c2002
300 _a748
650 _aAccounting
999 _c34456
_d34456